New TOEIC speaking coach
New TOEIC Speaking Coach Contents: Chapter 1: Read a text aloudUnit 1: Description of question type Unit 2: Troublesome soundsUnit 3: Practicing PluralsUnit 4: "Pronouncing" PunctuationUnit 5: Imitate a recording Unit 6: Using Prep Time to Rehearse Problem Words
Đã lưu trong:
| Format: | Bog |
|---|---|
| Sprog: | Undetermined |
| Udgivet: |
Thành phố Hồ Chí Minh
Tổng hợp
2011
|
| Fag: | |
| Tags: |
Tilføj Tag
Ingen Tags, Vær først til at tagge denne postø!
|
| Thư viện lưu trữ: | Trung tâm Học liệu Trường Đại học Cần Thơ |
|---|
| LEADER | 00845nam a2200205Ia 4500 | ||
|---|---|---|---|
| 001 | CTU_196961 | ||
| 008 | 210402s9999 xx 000 0 und d | ||
| 020 | |c 186000 | ||
| 082 | |a 428.0076 | ||
| 082 | |b N532 | ||
| 245 | 0 | |a New TOEIC speaking coach | |
| 245 | 0 | |c San Francisco Education Consulting | |
| 260 | |a Thành phố Hồ Chí Minh | ||
| 260 | |b Tổng hợp | ||
| 260 | |c 2011 | ||
| 520 | |a New TOEIC Speaking Coach Contents: Chapter 1: Read a text aloudUnit 1: Description of question type Unit 2: Troublesome soundsUnit 3: Practicing PluralsUnit 4: "Pronouncing" PunctuationUnit 5: Imitate a recording Unit 6: Using Prep Time to Rehearse Problem Words | ||
| 650 | |a English language,Ngôn ngữ Anh | ||
| 650 | |x Examinations,Kỳ thi | ||
| 904 | |i Tuyến | ||
| 980 | |a Trung tâm Học liệu Trường Đại học Cần Thơ | ||